| 000 | 00388nam a22001337a 4500 | ||
|---|---|---|---|
| 999 |
_c519583 _d519583 |
||
| 008 | 220321b ||||| |||| 00| 0 eng d | ||
| 100 |
_aMisrha, Avinash and Anand, Priyanka _932556 |
||
| 245 | _aSustainable solid and liquid waste management | ||
| 260 | _aKurukshetra | ||
| 300 | _a69(12), Oct, 2021: p.43-48 | ||
| 773 | _aKurukshetra | ||
| 906 | _aWASTE MANAGEMENT | ||
| 942 | _cAR | ||